[Event "British Rapidplay"]
[Site "Peterborough"]
[Date "2025.03.02"]
[Round "10.19"]
[White "Alizada, Eldar"]
[Black "Dicen, Elis Denele"]
[Result "1-0"]
[WhiteElo "1997"]
[BlackElo "2129"]
[PlyCount "149"]
[EventDate "2025.03.01"]
[EventType "swiss (rapid)"]
[EventRounds "11"]
[EventCountry "ENG"]
[SourceTitle "BritBase"]
[Source "John Saunders"]
[SourceDate "2025.03.03"]
[SourceVersion "1"]
[SourceVersionDate "2025.03.03"]
[SourceQuality "2"]

1. d4 d5 2. c4 e6 3. Nc3 a6 4. cxd5 exd5 5. Bf4 Nf6 6. Nf3 Bd6 7. Bxd6 Qxd6 8. e3 O-O 9. h3 Bf5 10. Bd3 Bxd3 11. Qxd3 Nbd7 12. O-O c6 13. a3 a5 14. Rfc1 Rfe8 15. Nd2 g6 16. Na4 Kg7 17. Nc5 Nxc5 18. Rxc5 Nd7 19. Rc2 Re6 20. Nb3 b6 21. Rac1 Nb8 22. Nd2 Ra7 23. Nf3 f6 24. Qd2 Rc7 25. Ne1 Nd7 26. Nd3 Re8 27. b4 Ra8 28. Qc3 axb4 29. axb4 Ra4 30. Qb3 Ra8 31. Nf4 Rac8 32. b5 c5 33. Qxd5 Qxd5 34. Nxd5 Ra7 35. dxc5 bxc5 36. b6 Rb7 37. Rc4 Rc6 38. e4 Nxb6 39. Nxb6 Rbxb6 40. Rxc5 Re6 41. f3 Re7 42. Kh2 g5 43. Kg3 Kg6 44. Rc6 Rb5 45. Ra6 h5 46. h4 gxh4+ 47. Kxh4 Rb2 48. Rcc6 Rxg2 49. Rxf6+ Kg7 50. Kxh5 Re5+ 51. Kh4 Reg5 52. Rfb6 Kh8 53. Ra8+ Kh7 54. Ra7+ Rg7 55. Rxg7+ Kxg7 56. f4 Kf7 57. Rb5 Kf6 58. Rf5+ Ke6 59. Rg5 Re2 60. Re5+ Kf6 61. Kg4 Rg2+ 62. Kf3 Ra2 63. Rb5 Ra3+ 64. Kg4 Ra4 65. Rb6+ Kf7 66. Kf5 Ra5+ 67. e5 Ke7 68. Rb7+ Kf8 69. Kf6 Ra6+ 70. e6 Kg8 71. f5 Ra8 72. Rd7 Kh8 73. e7 Ra6+ 74. Kf7 Kh7 75. e8=Q 1-0

[Event "British Rapidplay"]
[Site "Peterborough"]
[Date "2025.03.02"]
[Round "10.20"]
[White "Quilter, Thomas A"]
[Black "Mirzoeva, Elmira"]
[Result "0-1"]
[WhiteElo "2162"]
[BlackElo "2272"]
[PlyCount "135"]
[EventDate "2025.03.01"]
[EventType "swiss (rapid)"]
[EventRounds "11"]
[EventCountry "ENG"]
[SourceTitle "BritBase"]
[Source "John Saunders"]
[SourceDate "2025.03.03"]
[SourceVersion "1"]
[SourceVersionDate "2025.03.03"]
[SourceQuality "2"]

1. e4 c6 2. Qe2 d5 3. d3 g6 4. f4 Bg7 5. Nc3 e6 6. Nf3 d4 7. Nb1 c5 8. g3 Nc6 9. Bg2 Nf6 10. O-O O-O 11. Nbd2 Rb8 12. a4 a6 13. e5 Nd5 14. Ne4 b6 15. Nd6 Bd7 16. Ng5 Ncb4 17. h4 f6 18. exf6 Qxf6 19. Nge4 Qe7 20. h5 gxh5 21. Nc4 h4 22. g4 Nc6 23. Bd2 Kh8 24. Rae1 Ncb4 25. Bc1 Bxa4 26. Ng5 Ne3 27. Bxe3 dxe3 28. c3 Nd5 29. Bxd5 exd5 30. Qxe3 Qxe3+ 31. Nxe3 d4 32. Nf5 Bf6 33. cxd4 cxd4 34. Ne6 Rg8 35. g5 Bc2 36. Rf3 Rbe8 37. Kf2 Be7 38. Nh6 Rg6 39. f5 Bb4 40. Re2 Rxh6 41. gxh6 Bb3 42. Nxd4 Ba4 43. Rxe8+ Bxe8 44. f6 Bf7 45. Nf5 Bd2 46. Nd6 Kg8 47. Nf5 Be6 48. Ke2 Bg5 49. Ne3 Kf7 50. d4 Bxf6 51. d5 Bd7 52. Kf2 Kg6 53. Nc4 b5 54. Nd6 Bxb2 55. Rf8 Be5 56. Ne4 h3 57. Rg8+ Kxh6 58. Ng5 Kh5 59. Nf3 Bf4 60. Rd8 Bg4 61. d6 h2 62. Nxh2 Bxh2 63. Ra8 Bxd6 64. Rxa6 Bc5+ 65. Kg3 Be2 66. Kf4 Bc4 67. Kf5 b4 68. Ke4 0-1

[Event "British Rapidplay"]
[Site "Peterborough"]
[Date "2025.03.02"]
[Round "10.21"]
[White "Raju, Sooraj Menothuparam"]
[Black "Baer, Bruce L"]
[Result "1-0"]
[WhiteElo "2154"]
[BlackElo "1976"]
[PlyCount "79"]
[EventDate "2025.03.01"]
[EventType "swiss (rapid)"]
[EventRounds "11"]
[EventCountry "ENG"]
[SourceTitle "BritBase"]
[Source "John Saunders"]
[SourceDate "2025.03.03"]
[SourceVersion "1"]
[SourceVersionDate "2025.03.03"]
[SourceQuality "2"]

1. e4 g6 2. d4 Bg7 3. Nc3 a6 4. h4 h5 5. Nh3 d6 6. Bg5 Nc6 7. d5 Ne5 8. Qd2 b5 9. Be3 Bxh3 10. Rxh3 Nf6 11. f3 Qd7 12. Rh1 O-O 13. Be2 Rfc8 14. a4 b4 15. Nd1 c5 16. Nf2 c4 17. Qxb4 Rab8 18. Bb6 a5 19. Qxa5 Qb7 20. Bd4 e6 21. dxe6 Nc6 22. exf7+ Qxf7 23. Qc3 Nxe4 24. Bxc4 d5 25. fxe4 Bxd4 26. Bxd5 Bxc3+ 27. bxc3 Ne5 28. Bxf7+ Kxf7 29. Kd2 Nc4+ 30. Ke2 Rb2 31. Rhc1 Na5 32. Nd1 Rb6 33. Rcb1 Re6 34. Rb4 Nc4 35. Nf2 Nd6 36. Kd3 g5 37. Nh3 Kg6 38. Nxg5 Re5 39. Rb6 Rd8 40. Kd4 1-0

[Event "British Rapidplay"]
[Site "Peterborough"]
[Date "2025.03.02"]
[Round "10.22"]
[White "Pilley, Jack"]
[Black "Mikalajunas, Kajus"]
[Result "1/2-1/2"]
[WhiteElo "1975"]
[BlackElo "2080"]
[PlyCount "133"]
[EventDate "2025.03.01"]
[EventType "swiss (rapid)"]
[EventRounds "11"]
[EventCountry "ENG"]
[SourceTitle "BritBase"]
[Source "John Saunders"]
[SourceDate "2025.03.03"]
[SourceVersion "1"]
[SourceVersionDate "2025.03.03"]
[SourceQuality "2"]

1. d4 d5 2. c4 dxc4 3. Nf3 a6 4. e3 Bg4 5. Bxc4 e6 6. Nc3 Nf6 7. h3 Bh5 8. g4 Bg6 9. Ne5 Nbd7 10. Nxg6 hxg6 11. Bf1 c5 12. d5 exd5 13. Nxd5 Ne5 14. Qa4+ b5 15. Nxf6+ gxf6 16. Qe4 c4 17. f4 Bb4+ 18. Kf2 O-O 19. fxe5 fxe5 20. Bg2 Qh4+ 21. Kg1 Rad8 22. Kh2 Be1 23. Rf1 Bg3+ 24. Kh1 Kg7 25. a4 Rd6 26. axb5 axb5 27. b3 Rf6 28. Ba3 Rd8 29. bxc4 bxc4 30. Bb2 Qg5 31. Rf3 Rd2 32. Rxf6 Qxf6 33. Rf1 Qe6 34. Bc1 Ra2 35. Qd5 c3 36. Qxe6 fxe6 37. Be4 Rh2+ 38. Kg1 Re2 39. Bd3 Ra2 40. Bc4 Ra1 41. Kg2 Bh4 42. e4 c2 43. Bxe6 Rb1 44. Kf3 Bg5 45. Ke2 Bxc1 46. Ba2 Ra1 47. Kd3 Bf4 48. Rxa1 c1=Q 49. Rxc1 Bxc1 50. Ke2 g5 51. Kf3 Bf4 52. Ke2 Kf6 53. Kd3 Ke7 54. Kc4 Kd6 55. Kb5 Be3 56. Bd5 Bf2 57. Ka6 Kc5 58. Kb7 Kd4 59. Kc7 Ke3 60. Kd6 Kf4 61. Ke6 Be1 62. Kf6 Bh4 63. Kg6 Be1 64. Kh5 Bf2 65. Kh6 Be3 66. Kh5 Kg3 67. Be6 1/2-1/2

[Event "British Rapidplay"]
[Site "Peterborough"]
[Date "2025.03.02"]
[Round "10.23"]
[White "Yoon, Jacob D"]
[Black "Deva, Chetan"]
[Result "1-0"]
[WhiteElo "2251"]
[BlackElo "2181"]
[PlyCount "65"]
[EventDate "2025.03.01"]
[EventType "swiss (rapid)"]
[EventRounds "11"]
[EventCountry "ENG"]
[SourceTitle "BritBase"]
[Source "John Saunders"]
[SourceDate "2025.03.03"]
[SourceVersion "1"]
[SourceVersionDate "2025.03.03"]
[SourceQuality "2"]

1. d4 e6 2. c4 f5 3. Nc3 b6 4. a3 Bb7 5. d5 Be7 6. g3 Nf6 7. Bg2 e5 8. Nf3 d6 9. Qc2 Bc8 10. O-O O-O 11. b4 a5 12. Bd2 Qe8 13. bxa5 bxa5 14. Nb5 Bd8 15. Rab1 Qh5 16. c5 f4 17. cxd6 Bf5 18. Qb3 cxd6 19. Rbc1 fxg3 20. fxg3 Bb6+ 21. e3 Bc5 22. Rxc5 dxc5 23. Nxe5 Ra6 24. d6+ Kh8 25. Bc3 Bd7 26. g4 Qe8 27. Nc7 Qc8 28. Nf7+ Rxf7 29. Qxf7 Rxd6 30. Rxf6 gxf6 31. Bxf6+ Rxf6 32. Qxf6+ Kg8 33. Bd5+ 1-0

[Event "British Rapidplay"]
[Site "Peterborough"]
[Date "2025.03.02"]
[Round "10.24"]
[White "Rushbrooke, Remy"]
[Black "Davison, Chris"]
[Result "1-0"]
[WhiteElo "2094"]
[BlackElo "1997"]
[PlyCount "107"]
[EventDate "2025.03.01"]
[EventType "swiss (rapid)"]
[EventRounds "11"]
[EventCountry "ENG"]
[SourceTitle "BritBase"]
[Source "John Saunders"]
[SourceDate "2025.03.03"]
[SourceVersion "1"]
[SourceVersionDate "2025.03.03"]
[SourceQuality "2"]

1. Nf3 d5 2. g3 c6 3. Bg2 Bg4 4. c4 e6 5. O-O Nd7 6. cxd5 exd5 7. d3 Ngf6 8. e4 dxe4 9. dxe4 Be7 10. Qc2 O-O 11. Nc3 Nb6 12. Rd1 Qc8 13. Bf4 h6 14. Rac1 Bh3 15. Nd4 Re8 16. Nf5 Bxf5 17. exf5 Nh5 18. Bd6 Bxd6 19. Rxd6 Nf6 20. Rcd1 Qc7 21. Ne4 Nxe4 22. Bxe4 Qe7 23. Bf3 Rad8 24. R6d4 Rxd4 25. Rxd4 Qe1+ 26. Kg2 Nd5 27. Bxd5 cxd5 28. f6 Qe5 29. Qa4 b5 30. Qxb5 Rb8 31. Qxd5 Qxd5+ 32. Rxd5 Rxb2 33. Rd8+ Kh7 34. Rd7 Rxa2 35. Rxf7 Kg6 36. Rxg7+ Kxf6 37. Rb7 a5 38. Rb6+ Kg7 39. Ra6 a4 40. g4 a3 41. h4 Ra1 42. Kf3 a2 43. h5 Kf7 44. Kf4 Kg7 45. Kf5 Kf7 46. Ra7+ Kf8 47. Kf6 Ke8 48. f3 Rf1 49. Rxa2 Rxf3+ 50. Kg6 Rf4 51. Rg2 Ke7 52. Kxh6 Kf7 53. Kh7 Kf6 54. g5+ 1-0

[Event "British Rapidplay"]
[Site "Peterborough"]
[Date "2025.03.02"]
[Round "10.25"]
[White "Martin, Lewis"]
[Black "Lishoy Gengis Paratazham, Dildarav"]
[Result "0-1"]
[WhiteElo "2050"]
[BlackElo "2071"]
[PlyCount "85"]
[EventDate "2025.03.01"]
[EventType "swiss (rapid)"]
[EventRounds "11"]
[EventCountry "ENG"]
[SourceTitle "BritBase"]
[Source "John Saunders"]
[SourceDate "2025.03.03"]
[SourceVersion "1"]
[SourceVersionDate "2025.03.03"]
[SourceQuality "2"]

1. e4 d6 2. d4 Nf6 3. Nc3 e5 4. Nf3 Nbd7 5. Bc4 Be7 6. O-O O-O 7. h3 c6 8. a4 h6 9. Be3 b6 10. Qd2 Bb7 11. Rad1 Qc7 12. Rfe1 Rad8 13. Bxh6 gxh6 14. Qxh6 Nh7 15. Re3 Kh8 16. Ne2 d5 17. Ng3 Qd6 18. Qxd6 Bxd6 19. exd5 cxd5 20. dxe5 Bc5 21. Red3 dxc4 22. Rxd7 Rxd7 23. Rxd7 Bxf3 24. gxf3 Ng5 25. Kg2 f6 26. h4 Ne6 27. exf6 Rxf6 28. Ne4 Rg6+ 29. Kf1 a5 30. Rf7 Kg8 31. Rd7 Kf8 32. Nd2 Rh6 33. Nxc4 Rxh4 34. b3 Nf4 35. Kg1 Rh5 36. Ne3 Ne2+ 37. Kg2 Nd4 38. f4 Ke8 39. Rg7 Ne6 40. Rg4 Kf7 41. Kf3 Kf6 42. Ke4 Rh2 43. Nd5+ 0-1

[Event "British Rapidplay"]
[Site "Peterborough"]
[Date "2025.03.02"]
[Round "10.26"]
[White "Chopra, Manmay"]
[Black "Manley, Jonathan P"]
[Result "1-0"]
[WhiteElo "2156"]
[BlackElo "2090"]
[PlyCount "124"]
[EventDate "2025.03.01"]
[EventType "swiss (rapid)"]
[EventRounds "11"]
[EventCountry "ENG"]
[SourceTitle "BritBase"]
[Source "John Saunders"]
[SourceDate "2025.03.03"]
[SourceVersion "1"]
[SourceVersionDate "2025.03.03"]
[SourceQuality "2"]

1. e4 e5 2. Nf3 Nc6 3. Nc3 Nf6 4. d4 exd4 5. Nxd4 Bb4 6. Nxc6 bxc6 7. Bd3 d5 8. exd5 O-O 9. O-O Bg4 10. Be2 Bxe2 11. Nxe2 cxd5 12. Ng3 Be7 13. Qf3 Rb8 14. b3 c5 15. Re1 Rb6 16. Bb2 d4 17. Rad1 Qc7 18. Bc1 Rd8 19. Bf4 Qb7 20. Nf5 Bf8 21. Qh3 Qd7 22. Qd3 Nd5 23. Bd2 Re6 24. Ng3 Rde8 25. Rxe6 Rxe6 26. h3 g6 27. a3 Qc7 28. Qf3 Qd7 29. Ne4 Qe7 30. Ng5 Re5 31. Qg3 Re2 32. Nf3 Re6 33. b4 cxb4 34. Nxd4 Rb6 35. axb4 Nxb4 36. Bc3 f6 37. Ra1 Nd5 38. Bd2 a6 39. Ba5 Rb7 40. Qf3 Qf7 41. Nb3 Rd7 42. Bd2 Qe6 43. Na5 Nc7 44. Bf4 Nd5 45. Bd2 Nc7 46. Bf4 Nd5 47. Bg3 Ne7 48. Nb3 Nf5 49. Bf4 Nd4 50. Nxd4 Rxd4 51. Be3 Rc4 52. Qa8 Rc6 53. Qa7 Qc8 54. Bd4 Rxc2 55. Rxa6 Rc1+ 56. Kh2 Rc7 57. Qb6 f5 58. Qb3+ Rf7 59. Ra7 Qe8 60. Qd5 h5 61. f4 h4 62. Be5 g5 1-0

[Event "British Rapidplay"]
[Site "Peterborough"]
[Date "2025.03.02"]
[Round "10.27"]
[White "Hughes, Roy"]
[Black "Mihalik, Agoston"]
[Result "0-1"]
[WhiteElo "2004"]
[BlackElo "2140"]
[PlyCount "84"]
[EventDate "2025.03.01"]
[EventType "swiss (rapid)"]
[EventRounds "11"]
[EventCountry "ENG"]
[SourceTitle "BritBase"]
[Source "John Saunders"]
[SourceDate "2025.03.03"]
[SourceVersion "1"]
[SourceVersionDate "2025.03.03"]
[SourceQuality "2"]

1. d4 Nf6 2. Nf3 d5 3. Bf4 e6 4. e3 Bd6 5. Bg3 O-O 6. Bd3 c5 7. c3 b6 8. Ne5 Bb7 9. Nd2 Nc6 10. f4 Ne7 11. O-O Nf5 12. Bf2 Be7 13. g4 Nd6 14. Bh4 Nfe4 15. Bxe7 Qxe7 16. Nxe4 Nxe4 17. g5 f6 18. Nf3 Kh8 19. h4 Rae8 20. Kg2 Qf7 21. Nh2 Qc7 22. Ng4 Bc8 23. Bxe4 dxe4 24. Qe2 Qd7 25. Kg3 Qd5 26. b3 a5 27. Rad1 Qc6 28. c4 a4 29. Rd2 Ba6 30. Rfd1 cxd4 31. Rxd4 e5 32. fxe5 f5 33. Rd6 Qc7 34. Rd7 Qb8 35. Nf2 Qxe5+ 36. Kh3 Bc8 37. R7d5 Qc7 38. Kg2 f4 39. exf4 Qxf4 40. Rh1 Bb7 41. Rd7 Bc6 42. Ra7 e3+ 0-1

[Event "British Rapidplay"]
[Site "Peterborough"]
[Date "2025.03.02"]
[Round "10.28"]
[White "Zhang, Junyi"]
[Black "McLachlan, Matthew"]
[Result "1-0"]
[WhiteElo "2152"]
[BlackElo "1927"]
[PlyCount "115"]
[EventDate "2025.03.01"]
[EventType "swiss (rapid)"]
[EventRounds "11"]
[EventCountry "ENG"]
[SourceTitle "BritBase"]
[Source "John Saunders"]
[SourceDate "2025.03.03"]
[SourceVersion "1"]
[SourceVersionDate "2025.03.03"]
[SourceQuality "2"]

1. e4 e6 2. d4 d5 3. e5 c5 4. c3 Nc6 5. Nf3 Qc7 6. a3 f6 7. exf6 Nxf6 8. Bd3 cxd4 9. cxd4 Bd6 10. O-O O-O 11. h3 e5 12. dxe5 Nxe5 13. Nxe5 Bxe5 14. Nd2 Kh8 15. Nf3 Ne4 16. Qe2 Bf5 17. Nxe5 Qxe5 18. f3 Rac8 19. fxe4 dxe4 20. Bb1 Rf6 21. Bf4 Qe8 22. Ba2 Rg6 23. Kh2 e3 24. Bb1 Be4 25. Bxe4 Qxe4 26. Qf3 Qxf3 27. Rxf3 h6 28. Bxe3 a6 29. Rf2 Re6 30. Bd4 Re7 31. Bc3 b5 32. Raf1 Kh7 33. Rf7 Rce8 34. Bxg7 Kg6 35. R1f6+ Kh5 36. g4+ Kg5 37. Bxh6+ Kh4 38. Rxe7 Rxe7 39. Rf2 a5 40. Bf8 Re3 41. Rg2 Rxh3+ 42. Kg1 Kg5 43. Be7+ Kg6 44. g5 Re3 45. Bf6 b4 46. axb4 axb4 47. Rg4 b3 48. Rb4 Rd3 49. Kf2 Rh3 50. Rg4 Rh7 51. Kg2 Rb7 52. Rg3 Kf5 53. Rc3 Rb4 54. Kf3 Rh4 55. Ke2 Rb4 56. Kd3 Ke6 57. Rc4 Rb7 58. Kc3 1-0

[Event "British Rapidplay"]
[Site "Peterborough"]
[Date "2025.03.02"]
[Round "10.29"]
[White "Andal, Edmond"]
[Black "Davis, Colin J"]
[Result "1/2-1/2"]
[WhiteElo "2011"]
[BlackElo "1987"]
[PlyCount "78"]
[EventDate "2025.03.01"]
[EventType "swiss (rapid)"]
[EventRounds "11"]
[EventCountry "ENG"]
[SourceTitle "BritBase"]
[Source "John Saunders"]
[SourceDate "2025.03.03"]
[SourceVersion "1"]
[SourceVersionDate "2025.03.03"]
[SourceQuality "2"]

1. Nf3 d6 2. d4 g6 3. c4 Nf6 4. Nc3 Bg7 5. e4 Bg4 6. Be2 Bxf3 7. Bxf3 e5 8. d5 h5 9. Be3 Bh6 10. Bxh6 Rxh6 11. Qd2 Rh8 12. O-O-O a6 13. Qe3 Nbd7 14. h3 b5 15. cxb5 axb5 16. Nxb5 Rxa2 17. Nc3 Ra8 18. g4 h4 19. Be2 Nc5 20. Bb5+ Ke7 21. Kc2 Qb8 22. Ra1 Rxa1 23. Rxa1 Ncxe4 24. Bc6 Nc5 25. f4 Qb3+ 26. Kc1 Qc4 27. fxe5 Nb3+ 28. Kb1 Qf1+ 29. Ka2 Qxa1+ 30. Kxb3 Rb8+ 31. Bb5 Rxb5+ 32. Nxb5 Qd1+ 33. Ka3 Nxd5 34. exd6+ Kd7 35. Qc5 Qa1+ 36. Kb3 Qd1+ 37. Ka3 Qa1+ 38. Kb3 Qd1+ 39. Ka3 Qd3+ 1/2-1/2

[Event "British Rapidplay"]
[Site "Peterborough"]
[Date "2025.03.02"]
[Round "10.30"]
[White "He, Tom Junde"]
[Black "Lebedev, Lion"]
[Result "0-1"]
[WhiteElo "2053"]
[BlackElo "2038"]
[PlyCount "124"]
[EventDate "2025.03.01"]
[EventType "swiss (rapid)"]
[EventRounds "11"]
[EventCountry "ENG"]
[SourceTitle "BritBase"]
[Source "John Saunders"]
[SourceDate "2025.03.03"]
[SourceVersion "1"]
[SourceVersionDate "2025.03.03"]
[SourceQuality "2"]

1. d4 d5 2. c4 c6 3. Nf3 Nf6 4. cxd5 cxd5 5. Nc3 Nc6 6. Bf4 a6 7. Rc1 Bf5 8. e3 e6 9. Qb3 Bd6 10. Qxb7 Na5 11. Qxa8 Qxa8 12. Bxd6 Kd7 13. Bc5 Rb8 14. Na4 Ke8 15. Ne5 Ne4 16. g4 Bg6 17. Ba3 Rc8 18. Rd1 Rb8 19. f3 Nf6 20. Bd6 Bc2 21. Bxb8 Qxb8 22. b3 Bxd1 23. Kxd1 Nxb3 24. Bxa6 Nxd4 25. exd4 Qb1+ 26. Kd2 Qxh1 27. g5 Qxh2+ 28. Kc3 Nh5 29. Nb2 f6 30. Bb5+ Kf8 31. gxf6 gxf6 32. Nd7+ Ke7 33. a4 Qc7+ 34. Kb4 Ng7 35. a5 Nf5 36. Nd3 Nxd4 37. Ba4 Nc6+ 38. Bxc6 Qxc6 39. N3c5 Qxd7 40. Nxd7 Kxd7 41. Kc5 Kc7 42. f4 f5 43. Kd4 h5 44. Ke5 h4 45. Kxe6 d4 46. Kxf5 d3 47. Kg4 d2 48. Kxh4 d1=Q 49. Kg5 Qd8+ 50. Kg6 Qf8 51. f5 Kb7 52. f6 Ka6 53. f7 Kxa5 54. Kf6 Kb6 55. Kg6 Kc7 56. Kf6 Kd7 57. Kg6 Ke7 58. Kh7 Qxf7+ 59. Kh8 Qf5 60. Kg8 Qg5+ 61. Kh8 Kf7 62. Kh7 Qg7# 0-1

[Event "British Rapidplay"]
[Site "Peterborough"]
[Date "2025.03.02"]
[Round "10.31"]
[White "Sivanandan, Bodhana"]
[Black "Hng, Mei-En Emmanuelle"]
[Result "1-0"]
[WhiteElo "2073"]
[BlackElo "2136"]
[PlyCount "105"]
[EventDate "2025.03.01"]
[EventType "swiss (rapid)"]
[EventRounds "11"]
[EventCountry "ENG"]
[SourceTitle "BritBase"]
[Source "John Saunders"]
[SourceDate "2025.03.03"]
[SourceVersion "1"]
[SourceVersionDate "2025.03.03"]
[SourceQuality "2"]

1. e4 c5 2. Nf3 e6 3. g3 Nc6 4. Bg2 Nf6 5. Nc3 d6 6. O-O Be7 7. Re1 Qc7 8. d4 cxd4 9. Nxd4 O-O 10. Be3 a6 11. Nxc6 bxc6 12. Qe2 Rb8 13. b3 e5 14. Rad1 a5 15. h3 Be6 16. Qd2 Rfd8 17. Na4 d5 18. exd5 cxd5 19. Qe2 h6 20. Bc1 Bd6 21. Bb2 d4 22. c3 dxc3 23. Bxc3 Bd7 24. Bxe5 Bxa4 25. bxa4 Bxe5 26. Rxd8+ Rxd8 27. Qxe5 Qb6 28. Qb5 Qa7 29. Rb1 h5 30. Qb6 Qd7 31. Qxa5 h4 32. g4 Qd3 33. Re1 Rd4 34. Qb5 Qd2 35. Qe2 Qa5 36. Bc6 Rd2 37. Qb5 Qa7 38. Re3 Rxa2 39. g5 Ra1+ 40. Kg2 Ra2 41. gxf6 Qxe3 42. Qb8+ Kh7 43. Qb1+ g6 44. Qxa2 Qg5+ 45. Kh2 Qf4+ 46. Kg2 Qg5+ 47. Kf1 Qc1+ 48. Ke2 Qxc6 49. Qxf7+ Kh6 50. Qe7 Qc2+ 51. Kf3 Qc6+ 52. Qe4 Qxf6+ 53. Qf4+ 1-0

[Event "British Rapidplay"]
[Site "Peterborough"]
[Date "2025.03.02"]
[Round "10.32"]
[White "Cheng, Louis"]
[Black "Fellowes, Billy"]
[Result "0-1"]
[WhiteElo "2015"]
[BlackElo "2203"]
[PlyCount "78"]
[EventDate "2025.03.01"]
[EventType "swiss (rapid)"]
[EventRounds "11"]
[EventCountry "ENG"]
[SourceTitle "BritBase"]
[Source "John Saunders"]
[SourceDate "2025.03.03"]
[SourceVersion "1"]
[SourceVersionDate "2025.03.03"]
[SourceQuality "2"]

1. e4 Nc6 2. Nf3 d6 3. d4 Nf6 4. Nc3 Bg4 5. Be2 e5 6. d5 Ne7 7. Be3 g6 8. h3 Bd7 9. Qd2 Bg7 10. Bh6 O-O 11. Bxg7 Kxg7 12. O-O b5 13. Bd3 b4 14. Ne2 a5 15. c4 bxc3 16. Nxc3 Nh5 17. Rac1 f5 18. exf5 Nxf5 19. Qg5 Qb8 20. Ne4 Nf4 21. Rfd1 h6 22. Qg4 Qd8 23. Nc3 Nd4 24. Qg3 Nxf3+ 25. gxf3 Nxh3+ 26. Kh2 Ng5 27. Be2 Rf4 28. Kg2 Rb8 29. Rh1 Rxb2 30. Bd1 Qf6 31. Rh2 e4 32. Kh1 exf3 33. Qg1 Nh3 34. Rxh3 Bxh3 35. Qh2 Bg2+ 36. Kg1 Rh4 37. Qxh4 Qxh4 38. Bxf3 Bxf3 39. Ne4 Qh3 0-1

[Event "British Rapidplay"]
[Site "Peterborough"]
[Date "2025.03.02"]
[Round "10.33"]
[White "Walker, Martin Graham"]
[Black "McCarthy, Kevin C"]
[Result "1-0"]
[WhiteElo "2091"]
[BlackElo "1944"]
[PlyCount "61"]
[EventDate "2025.03.01"]
[EventType "swiss (rapid)"]
[EventRounds "11"]
[EventCountry "ENG"]
[SourceTitle "BritBase"]
[Source "John Saunders"]
[SourceDate "2025.03.03"]
[SourceVersion "1"]
[SourceVersionDate "2025.03.03"]
[SourceQuality "2"]

1. e4 d5 2. exd5 Qxd5 3. Nc3 Qa5 4. d4 Nf6 5. Nf3 Bf5 6. Ne5 c6 7. Nc4 Qd8 8. Ne3 Bg6 9. d5 e6 10. dxe6 Qxd1+ 11. Ncxd1 fxe6 12. Bc4 Bf7 13. O-O Bc5 14. b4 Bb6 15. Bb2 Nbd7 16. a4 O-O 17. a5 Bc7 18. Nc3 Nd5 19. Ne4 Ne5 20. Bxd5 exd5 21. Nc5 b6 22. Na6 Bd6 23. Nf5 Nc4 24. Bxg7 Rfe8 25. Bd4 Rad8 26. Rfe1 Be5 27. Bxe5 Nxe5 28. Nc7 Kf8 29. Nxe8 Rxe8 30. Nd6 Re7 31. axb6 1-0

[Event "British Rapidplay"]
[Site "Peterborough"]
[Date "2025.03.02"]
[Round "10.35"]
[White "Lapidus, Alexey M"]
[Black "Brett, Andrew R"]
[Result "0-1"]
[WhiteElo "1937"]
[BlackElo "2060"]
[PlyCount "86"]
[EventDate "2025.03.01"]
[EventType "swiss (rapid)"]
[EventRounds "11"]
[EventCountry "ENG"]
[SourceTitle "BritBase"]
[Source "John Saunders"]
[SourceDate "2025.03.03"]
[SourceVersion "1"]
[SourceVersionDate "2025.03.03"]
[SourceQuality "2"]

1. e4 c6 2. d4 d5 3. exd5 cxd5 4. Bd3 Nc6 5. c3 Qc7 6. h3 e6 7. Nf3 Bd6 8. O-O Nge7 9. Re1 f6 10. Nh4 O-O 11. Qh5 g6 12. Qe2 e5 13. dxe5 fxe5 14. Bh6 Re8 15. Na3 a6 16. Nc2 Bd7 17. Ne3 Kh8 18. Ng4 e4 19. Bc2 Nf5 20. Bg5 Be7 21. Nf6 Nxh4 22. Bxh4 Qf4 23. g3 Qd6 24. Nxe8 Rxe8 25. Bxe7 Qxe7 26. g4 Ne5 27. Red1 Nf3+ 28. Kg2 Qe5 29. Rh1 Nh4+ 30. Kg1 Rf8 31. Qe3 Nf3+ 32. Kg2 Bc6 33. Rad1 Kg8 34. Bb3 Nh4+ 35. Kg1 Rf3 36. Bxd5+ Bxd5 37. Qc5 Rd3 38. Qc8+ Kg7 39. Qd7+ Kh6 40. Rxd3 exd3 41. Kf1 Qe2+ 42. Kg1 Qe1+ 43. Kh2 Qxf2# 0-1

[Event "British Rapidplay"]
[Site "Peterborough"]
[Date "2025.03.02"]
[Round "10.36"]
[White "Patel, Keatan"]
[Black "Ansari, Athar"]
[Result "0-1"]
[WhiteElo "1985"]
[BlackElo "1954"]
[PlyCount "120"]
[EventDate "2025.03.01"]
[EventType "swiss (rapid)"]
[EventRounds "11"]
[EventCountry "ENG"]
[SourceTitle "BritBase"]
[Source "John Saunders"]
[SourceDate "2025.03.03"]
[SourceVersion "1"]
[SourceVersionDate "2025.03.03"]
[SourceQuality "2"]

1. e4 d5 2. exd5 Qxd5 3. Nf3 Nf6 4. d4 c6 5. c4 Qa5+ 6. Bd2 Qc7 7. Nc3 Bf5 8. Be2 e6 9. O-O Be7 10. Rc1 O-O 11. Nh4 Bg6 12. Nxg6 hxg6 13. Bf3 Rd8 14. Be3 Nbd7 15. Qe2 e5 16. dxe5 Nxe5 17. Bf4 Bd6 18. Bxe5 Bxe5 19. g3 Rd7 20. Rfe1 Re7 21. Qc2 Rae8 22. Red1 Qa5 23. a3 Nh7 24. Ne4 Bc7 25. Qd2 Qf5 26. Qd3 Rxe4 27. Bxe4 Rxe4 28. Qb3 Re2 29. Rf1 Bb6 30. c5 Bxc5 31. Rxc5 Qxc5 32. Qxb7 Nf6 33. Qc8+ Kh7 34. Qh3+ Kg8 35. Qc8+ Re8 36. Qa6 Qb6 37. Qc4 Qb5 38. Rc1 Qxc4 39. Rxc4 Re6 40. b4 Kf8 41. a4 Nd7 42. b5 c5 43. a5 Ke7 44. f4 Re1+ 45. Kf2 Rb1 46. b6 axb6 47. axb6 Rxb6 48. Kf3 f5 49. h4 Rb3+ 50. Kg2 Kd6 51. Rc2 Nf6 52. Rd2+ Nd5 53. Kh3 Kc6 54. Rf2 c4 55. h5 gxh5 56. Kh4 Nf6 57. g4 hxg4 58. Re2 Ne4 59. Rh2 Rh3+ 60. Rxh3 gxh3 0-1

[Event "British Rapidplay"]
[Site "Peterborough"]
[Date "2025.03.02"]
[Round "10.37"]
[White "Ward, Andrew"]
[Black "Surtees, Michael J"]
[Result "0-1"]
[WhiteElo "1894"]
[BlackElo "2099"]
[PlyCount "74"]
[EventDate "2025.03.01"]
[EventType "swiss (rapid)"]
[EventRounds "11"]
[EventCountry "ENG"]
[SourceTitle "BritBase"]
[Source "John Saunders"]
[SourceDate "2025.03.03"]
[SourceVersion "1"]
[SourceVersionDate "2025.03.03"]
[SourceQuality "2"]

1. c4 a6 2. Nc3 h6 3. g3 e6 4. Bg2 c6 5. e4 c5 6. Nge2 d6 7. O-O Nc6 8. d4 cxd4 9. Nxd4 Nge7 10. Be3 Rb8 11. a4 b6 12. f4 Bb7 13. f5 e5 14. Nde2 Nb4 15. f6 Nc8 16. fxg7 Bxg7 17. Qd2 Bc6 18. Bf3 Rb7 19. Bh5 Re7 20. Nd1 a5 21. Ndc3 Qc7 22. Rac1 Qb7 23. Nd5 Nxd5 24. cxd5 Bxa4 25. Rf2 Kd8 26. Rcf1 Be8 27. Bg4 Bd7 28. Bh5 Be8 29. Bg4 Rc7 30. Bg5+ hxg5 31. Qxg5+ f6 32. Rxf6 Re7 33. Bxc8 Kxc8 34. Rxd6 Kb8 35. Rd8+ Ka7 36. Rc1 Bh6 37. Qf5 Bxc1 0-1